00851nam a22002177a 4500999001900000005001700019010001500036020002600051035001400077037001300091082001300104100002400117245012500141260004200266270008400308300004400392500003200436700002000468942002700488952011800515 c175958d17595820201015120627.0 aENG-128534 c725.00a9789389538953 aEN-112066 bDBAD/PUB a519.5076 aBernstein, Stephen  aSchaum'S Outline Elements Of Statistics 1: Descriptive Statistics And Probability/cBy Stephen Bernstein, Ruth Bernstein aChennaibMc Graw Hill Educationc2020 a444/1 Sri Ekambara Naicker Industrial Estate, Alapakkam, PorurbChennaie600116 avii,354p.c28cm(pbk)bTables and Graphs aIncludes Index and Appendix aBernstein, Ruth 2ddccENh519.5076mBER 001040708NFICaLbLd2020-10-15eDBAD/PUBg725.00l0o519.5076 BERpEN-112066r2020-10-15 00:00:00v725.00yEN